• 首页
  • 本馆介绍
  • 公告通知
  • 最新文献
  • 馆藏检索
  • 电子资源
  • 读者导购
  • 参考咨询
  • 我的图书馆
  • 登录
  • 详细信息显示
  • 放入我的书架
  • 预约/预借图书
  • 作者相关作品
  • 分类相关作品
  • 丛书相关作品
  • 出版社相关作品

书目信息

  • 表格格式
  • 工作单格式
  • 卡片格式
题名:
中国政府网站服务体系重构研究
    
 
作者: 陈美 著
分册:  
出版信息: 北京   中国水利水电出版社  2018
页数: 223页
开本: 24cm
丛书名:
单 册:
中图分类: TP393.409.21 , D63-39
科图分类:
主题词: 国家行政机关--guo jia xing zheng ji guan--互联网络--网站--网络服务--研究--中国
电子资源:
ISBN: 978-7-5170-6405-3
000 01393nam0 2200301 450
001 012001001554
005 20131108135915.0
010    @a978-7-5170-6405-3@dCNY69.00
099    @aCAL 012018075686
100    @a20180528d2018 em y0chiy50 ea
101 0  @achi
102    @aCN@b110000
105    @aak a 000yy
106    @ar
200 1  @a中国政府网站服务体系重构研究@Azhong guo zheng fu wang zhan fu wu ti xi chong gou yan jiu@f陈美著
210    @a北京@c中国水利水电出版社@d2018
215    @a223页@c图@d24cm
300    @a湖北省社会科学基金项目“中国政府网站服务体系重构研究”研究成果
314    @a陈美,男,管理学博士,湖北工业大学经济与管理学院讲师。
320    @a有书目 (第203-223页)
330    @a本书以政府职能理论、客户关系管理理论、新公共服务理论为基础,运用文献调研、案例分析、比较分析、专家访谈、思辨与实证相结合的方法,提出了政府网站服务体系重构框架,分别从政府网站服务需求分析改进、政府网站服务内容重组、政府网站服务主体变革、政府网站服务渠道拓宽四个方面对政府网站服务体系重构框架进行展开阐述。
333    @a本书适用于各级政务部门信息化分管领导、信息系统研发人员、电子政务从业人员、高校相关专业师生阅读。
606 0  @a国家行政机关@Aguo jia xing zheng ji guan@x互联网络@x网站@x网络服务@x研究@y中国
690    @aTP393.409.21@v5
690    @aD63-39@v5
701  0 @a陈美@Achen mei@4著
801  0 @aCN@b北京卓展@c20191020
905    @b1198543-6@dTP393.409.21@e776@f4
    
    中国政府网站服务体系重构研究/陈美著.-北京:中国水利水电出版社,2018
    223页:图;24cm
    湖北省社会科学基金项目“中国政府网站服务体系重构研究”研究成果.-使用对象:本书适用于各级政务部门信息化分管领导、信息系统研发人员、电子政务从业人员、高校相关专业师生阅读。
    
    ISBN 978-7-5170-6405-3:CNY69.00
    本书以政府职能理论、客户关系管理理论、新公共服务理论为基础,运用文献调研、案例分析、比较分析、专家访谈、思辨与实证相结合的方法,提出了政府网站服务体系重构框架,分别从政府网站服务需求分析改进、政府网站服务内容重组、政府网站服务主体变革、政府网站服务渠道拓宽四个方面对政府网站服务体系重构框架进行展开阐述。
●
相关链接 在E读中查询图书 在五车中查询图书 在当当中查询图书 在豆瓣中查询图书


正题名:中国政府网站服务体系重构研究     索取号:TP393.409.21/776         预约/预借

序号 登录号 条形码 馆藏地/架位号 状态 备注
1 1198543   211985431   第二样本阅览室/ [索取号:TP393.409.21/776] 在馆    
2 1198544   211985440   第三借阅区/ [索取号:TP393.409.21/776] 在馆    
3 1198545   211985459   第三借阅区/ [索取号:TP393.409.21/776] 在馆    
4 1198546   211985468   第三借阅区/ [索取号:TP393.409.21/776] 在馆    
唐山师范学院图书馆 欢迎您!
大连网信软件有限公司© 版权所有